000 00828cab a2200229 4500
001 X91242
008 090401t1998 xxu||||| |||| 00| 0 eng d
035 _a(Sirsi) u85712
041 _aeng
245 _aLicence - Almhouse
260 _c1998
350 _a0
490 _aEstates Gazette Case Summaries
_v(1998) EGCS 62, (1)
520 _a"Gray and others v Taylor" CA 2 April 1998. Charity - Almshouses - Defendant appointed to occupy almshouse - Defendant in breach of conditions - Defendant to vacate almshouse - Trustees seeking possession - Whether defendant an assured tenant under Housing Act 1988. HEADNOTE.
650 _aALMSHOUSES
650 _aGRAY AND OTHERS V TAYLO
650 _aHOUSING ACT 1988
650 _aLICENCES
690 _aPROPERTY-LANDLORD AND TENANT
942 _n0
948 _c21/04/1998
999 _c53916
_d53916